LIBRARY & INFORMATION CENTRE, KCAET, TAVANUR

ONLINE PUBLIC ACCESS CATALOGUE (OPAC)

A CONCHING CUM TEMPERING MACHINE FOR CHOCOLATE PRODUCTION (Record no. 17730)

MARC details
000 -LEADER
fixed length control field 00397nam a22001457a 4500
003 - CONTROL NUMBER IDENTIFIER
control field OSt
082 ## - DEWEY DECIMAL CLASSIFICATION NUMBER
Classification number 664
Item number NAV/CO
088 ## - REPORT NUMBER
Report number 591
100 ## - MAIN ENTRY--AUTHOR NAME
Personal name NAVALE ABHISHEK GOVIND
245 ## - TITLE STATEMENT
Title A CONCHING CUM TEMPERING MACHINE FOR CHOCOLATE PRODUCTION
260 ## - PUBLICATION, DISTRIBUTION, ETC. (IMPRINT)
Place of publication TAVANUR
Name of publisher DEPARTMENT OF PROCESSING AND FOOD ENGINEERING
Year of publication 2023
300 ## - PHYSICAL DESCRIPTION
Number of Pages 157
700 ## - ADDED ENTRY--PERSONAL NAME
Personal name RAJESH. G K (GUIDE)
942 ## - ADDED ENTRY ELEMENTS (KOHA)
Koha item type Theses
Holdings
Collection code Home library Current library Full call number Accession Number Koha item type Public note
Reference KAUAET KAUAET 664 NAV/CO T 591 Theses M.Tech Thesis
free website counter